Windows on mathematical meanings : learning cultures and computers
Αποθηκεύτηκε σε:
| Κύριος συγγραφέας: | |
|---|---|
| Άλλοι συγγραφείς: | |
| Μορφή: | Βιβλίο |
| Γλώσσα: | English |
| Δημοσίευση: |
Dordrecht :
Kluwer Academic,
1996
|
| Σειρά: | Mathematics education library ;
; 17 |
| Θέματα: | |
| Ετικέτες: |
Προσθήκη ετικέτας
Δεν υπάρχουν, Καταχωρήστε ετικέτα πρώτοι!
|
MARC
| LEADER | 00000nam a2200000 i 4500 | ||
|---|---|---|---|
| 001 | 1/87648 | ||
| 008 | 990729s1996 eng d | ||
| 020 | |a 0-7923-4073-6 | ||
| 035 | |l 10052345 | ||
| 040 | |a GR-MY-UA |b gre |e aacr | ||
| 041 | 0 | |a eng | |
| 082 | 0 | |a 510.71 | |
| 100 | 1 | |a Noss, Richard. | |
| 245 | 1 | 0 | |a Windows on mathematical meanings : |b learning cultures and computers / |c Richard Noss, Celia Hoyles |
| 260 | |a Dordrecht : |b Kluwer Academic, |c 1996 | ||
| 300 | |a 275 p. | ||
| 490 | 1 | |a Mathematics education library |v ; 17 | |
| 650 | 0 | 0 | |a Mathematics |x Study and teaching. |
| 700 | 1 | |a Hoyles, Celia |d 1946- | |
| 830 | 0 | |a Mathematics education library ; |v ; 17 | |
| 852 | |a INST |b RHODES |e 19990729 |h 510.71 NOS |p 005400014571 |q 005400014571 |t BK |y 0 | ||
| 852 | |a INST |b RHODES |e 20080422 |h 510.71 NOS |p 005400029257 |q 005400029257 |t BK |y 0 | ||
| 901 | |a BIBL4-1999-2 | ||
| 909 | |a Ρ |b 065868 | ||
| 909 | |a Ρ |b 151918 | ||
| 922 | |a 4ΕΛΗ |b 199905 |c ΚΠΣ/154 |d LEADER | ||
| 922 | |a 4ΕΛΗ |b 200803 |c ΕΠΕΑΕΚ2/ΤΕΠΑΕΣ |d ΕΛΕΥΘΕΡΟΥΔΑΚΗΣ | ||
| 970 | |z 1999/07/29 |a ΚΟΥΛΑΚΙΟΤΗ |b ΛΙΤΣΑ | ||